| 000 | 00367nam a22001457a 4500 | ||
|---|---|---|---|
| 008 | 230614b ||||| |||| 00| 0 eng d | ||
| 020 | _a9780803611238 | ||
| 041 | _aeng | ||
| 080 |
_2SECOND EDITION _a610.73 |
||
| 082 | _a610.73COL | ||
| 100 | _a7 | ||
| 101 | _aINF | ||
| 245 |
_aAMBULATORY CARE PROCEDURES FOR THE NURSE PRACTITIONER _cCOLYAR.R.M |
||
| 942 |
_2udc _cBK |
||
| 999 |
_c59975 _d59975 |
||